000 00466nam a22001937a 4500
003 MPLRDC
005 20220104113724.0
008 210129b ||||| |||| 00| 0 eng d
020 _a7-80556-992-4
082 _a848.1 BX-9
100 _a冰心著
245 _a冰心散文随笔选集
_c
250 _a一版一刷
260 _a
_b沈阳出版社
_c1993
300 _b
490 _a当代散文大系
650 _a现代别集
942 _cBK
_o848.1 BX-9
999 _c1838
_d1828